Pays européens sans loups - Statistiques

Statistiques générales
  • Ce quiz a été pris 353 fois
  • Le résultat moyen est 10 sur 14
Statistiques - réponses
Pays sans loups % Correct
Royaume-Uni
83%
Irlande
81%
Vatican
79%
Monaco
78%
Islande
77%
Saint Marin
74%
Belgique
71%
Pays-Bas
70%
Luxembourg
69%
Liechtenstein
67%
Malte
67%
Danemark
66%
Autriche
38%
Moldavie
34%
Aucun quiz correspondant
Distribution des résultats
% des personnes avec chaque résultat
Percentile par nombre de réponses
Votre historique - résultats
Vous n’avez pas pris ce quiz